000 00761nam a2200253Ia 4500
003 OSt
005 20220925220848.0
006 a|||||r|||| 00| 0
007 ta
008 220923b |||||||| |||| 00| 0 eng d
020 _a0333327187
037 _cGeneral Book
040 _aRTL
_cRTL
_beng
041 _2eng
_aeng
082 _aY15:471.30j73.N8, M3
100 _aBouchier David
_9119907
245 0 _aFeminist challenge
_b The movement for women's liberation in Britian and the USA
260 _aLondon
_bMacmillan Press
_c1983
300 _axi,252p
_ccm.
500 _aBibliography: p 239-245
650 _aWomen Sociology
942 _hY15:471.30j73.N8, M3
_cGB
_2CC
999 _c572726
_d572726